000 00757nam a22001937a 4500
999 _c148971
_d148971
005 20230712124524.0
010 _aUR-10007
020 _a9789350736876
_c150.00
035 _aU-8562
037 _bDBAD/PUB
082 _a840
100 _aمیر محبو ب حسین
245 _aنگا ر شا ت میر محبو ب حسین /
_cمیر محبو ب حسین
246 _bNigarshaat-e-Meer Mahboob Hussain /
_aby Meer Mahboob Hussain
260 _aDelhi
_bEducational Publishing House
_c2015
270 _a3191,Vakil Street,Kucha Pandit,Lal Kuan,
_bDelhi
_e110006
_k23214465
_l-
300 _a136 ص
_c22cm(Hb)
942 _2ddc
_cUR
_h840
_mم ی ر